000 00743cam a22002292 4500
001 0000019212
005 20151217152148.0
008 101021s xx 000 0 eng d
020 _a007128804x :
040 _aKABU
_cKABU
100 1 _aJacobs, F. Robert.
_@0000156488
245 1 0 _aOperations and supply management /
_cF. Robert Jacobs, Richard B. Chase, Nicholas J. Aquilano.
250 _a12th ed.
260 _aBoston :
_bMcGraw-Hill,
_c2009.
300 _axix, 776 p. +
_e1 CD-ROM.
650 0 _aProduction management.
_@0000155181
700 1 _aChase, Richard B.
_@0000156485
700 1 _aAquilano, Nicholas J.
_@0000156484
852 1 _9p7800 KES
908 _a101021
950 _@1
999 _c8877
_d8877